| 000 | 00717nam a2200229 i 4500 | ||
|---|---|---|---|
| 003 | DO-SdBNP | ||
| 005 | 20240228090329.0 | ||
| 007 | ta | ||
| 008 | 130419s1990 dr 000 spa d | ||
| 040 |
_aDO-SdBNP _bspa _cBNPHU _erda |
||
| 082 | _222 | ||
| 110 | 2 |
_aCorporación Dominicana de Electricidad _935816 |
|
| 245 | 1 | 3 |
_aUn mensaje a García. : _bpara la reflexión de los hombres y mujeres de esta empresa del pueblo dominicano / |
| 264 | 1 |
_aSanto Domingo ; _bCDE, _c1990 |
|
| 300 |
_a[8] páginas _c21 cm. |
||
| 336 |
_2rdacontent _atexto _btxt |
||
| 337 |
_2rdamedia _asin mediación _bn |
||
| 338 |
_2rdacarrier _avolumen _bnc |
||
| 590 | _aInventariado, 2024/ YL | ||
| 910 | _aYLockward | ||
| 942 |
_2ddc _cLF2 |
||
| 999 |
_c38237 _d38237 |
||